| 000 | 00811nam a22001695i 4500 | ||
|---|---|---|---|
| 001 | 166679 | ||
| 003 | ES-MaACL | ||
| 005 | 20230906213358.0 | ||
| 008 | 050920s1842 fr | |||||||| ||fre d | ||
| 040 |
_aCAM _bspa _cCAM |
||
| 100 | 1 |
_aTroussel, J.F.A. _9133394 |
|
| 245 | 1 | 0 |
_aDes écoulements particuliers aux femmes et plus spécialement de ceux qui sont causés par une maladie du col de la matrice / _cpar J.F.A. Troussel. |
| 260 |
_aParis : _bBechet Jne. et Labé, _c1842 ( _fImprimerie et fonderie de Rignoux) |
||
| 300 |
_a121 p. ; _c20 p. |
||
| 650 | 4 |
_aAparato genital femenino- _xEnfermedades. _99910 |
|
| 852 |
_aES-MaACL _jR-1365(4) _z-- Enc. hol., falto de la cub. original _z-- Enc. en un vol. facticio, formando parte de la col. facticia: "Colección de memorias médicas" _z.- Donat. Mateo Seoane |
||
| 999 |
_c166679 _d166679 |
||